Virtual Trade in a Changing World (Record no. 43539)

MARC details
000 -LEADER
fixed length control field 00592nam a22001817a 4500
005 - DATE AND TIME OF LATEST TRANSACTION
control field 20250403162714.0
008 - FIXED-LENGTH DATA ELEMENTS--GENERAL INFORMATION
fixed length control field 250403b |||||||| |||| 00| 0 eng d
020 ## - INTERNATIONAL STANDARD BOOK NUMBER
International Standard Book Number 9781009101332
041 ## - LANGUAGE CODE
Language code of text/sound track or separate title eng
082 ## - DEWEY DECIMAL CLASSIFICATION NUMBER
Classification number 382.91 MAR
100 ## - MAIN ENTRY--PERSONAL NAME
Author Marjit, Sugata
245 ## - TITLE STATEMENT
Title Virtual Trade in a Changing World
260 ## - PUBLICATION, DISTRIBUTION, ETC.
Place UK
Publisher Cambridge Univeinrity Pres
Publication Year 2023
300 ## - PHYSICAL DESCRIPTION
Extent 91;. pages: 23 cm
650 ## - SUBJECT ADDED ENTRY--TOPICAL TERM
Subject General Agreement On Trade In Services (Organization); World Trade Organization; Service Industries--Law And Legislation
700 ## - ADDED ENTRY--PERSONAL NAME
Co-Author Das G. Gouranga and Mandal Biswajit
942 ## - ADDED ENTRY ELEMENTS (KOHA)
Koha item type Books
Holdings
Withdrawn status Lost status Source of classification or shelving scheme Damaged status Not for loan Home library Current library Shelving location Accession Date Vendor Price Bill number Total Checkouts Full call number Barcode No Date due Date last seen Date last checked out Discount Bill Date Koha item type Suggested By
    Dewey Decimal Classification     IMTN IMTN Rack 15-B 03/26/2025 Raghav Books Private Limited 1892.00 2374 1 382.91 MAR 33819 11/19/2025 05/23/2025 05/23/2025 33 02/14/2025 Books Dr. Mantha Raghu (Head Librarian)
Designed & Maintained by: LRC IMT Nagpur Contact: lrc@imtnag.ac.in© 2024. All Rights Reserved.